000 00760nam a22002177a 4500
999 _c20809
_d20809
005 20200203151856.0
008 200203b xxu||||| |||| 00| 0 spa d
040 _aCO-BoIAVH
_cCO-BoIAVH
041 _aspa
044 _ack
110 _aParques Nacionales Naturales de Colombia
245 _aParques Nacionales Naturales de Colombia Dirección Territorial Amazonia.
260 _as.l.:
_bParques Nacionales Naturales de Colombia,
_cs.f.
300 _a1 folleto plegable:
_bfotografias y mapas,
_c15 x 21 cm.
650 0 _aParque Nacional Natural
650 0 _aBiodiversidad
650 0 _aDiversidad de ecosistemas
650 0 _aFauna y Flora
650 0 _aProtección del medio ambiente
942 _2ddc
_cFolleto